[Event "Xtracon Chess Open 2016"]
[Site "Elsinore"]
[Date "2016.07.24"]
[Round "3.102"]
[White "Skjoldager, Mikael"]
[Black "Zakariassen, Tom"]
[Result "1-0"]
[WhiteElo "2054"]
[BlackElo "1797"]
[PlyCount "59"]
[EventDate "2016.07.23"]

1. e4 c5 2. Nf3 Nc6 3. d4 cxd4 4. Nxd4 Nf6 5. Nc3 e6 6. Be3 a6 7. f3 Qc7 8. Qd2
Be7 9. O-O-O b5 10. Kb1 Bb7 11. g4 Nxd4 12. Bxd4 O-O 13. h4 e5 14. Be3 Rfd8 15.
g5 Nh5 16. Qf2 Rdc8 17. Bh3 Bc6 18. Nd5 Bxd5 19. Rxd5 d6 20. Bxc8 Rxc8 21. Rhd1
b4 22. R1d2 Qc6 23. Qe2 Ra8 24. Qd3 g6 25. Qb3 a5 26. Qd3 Nf4 27. Bxf4 exf4 28.
Rb5 Bf8 29. Qd5 Qa6 30. Rb7 1-0

[Event "Xtracon Chess Open 2016"]
[Site "Elsinore"]
[Date "2016.07.24"]
[Round "3.103"]
[White "Nielsen, Andre"]
[Black "Arbeus, Carl Johan"]
[Result "1-0"]
[WhiteElo "2047"]
[BlackElo "1784"]
[PlyCount "163"]
[EventDate "2016.07.23"]

1. e4 c5 2. Nf3 d6 3. d4 cxd4 4. Nxd4 Nf6 5. Nc3 a6 6. Bc4 e6 7. Bb3 b5 8. O-O
b4 9. Na4 Nxe4 10. Re1 Nc5 11. Nxc5 dxc5 12. Qf3 Ra7 13. Nf5 Bd7 14. Qg3 g6 15.
Bg5 Qc8 16. Bf6 Rg8 17. Rad1 Nc6 18. Nd6+ Bxd6 19. Qxd6 Qc7 20. Ba4 Qxd6 21.
Rxd6 Ne7 22. Bxd7+ Rxd7 23. Rxa6 g5 24. Ra8+ Rd8 25. Rxd8+ Kxd8 26. Re5 Kd7 27.
Bxe7 Kxe7 28. Rxc5 Rd8 29. Kf1 Kf6 30. Rb5 Rd4 31. Ke2 e5 32. Rb6+ Kg7 33. Rc6
f6 34. b3 Rd5 35. Rc4 Rb5 36. c3 Ra5 37. Rxb4 Rxa2+ 38. Ke3 Rc2 39. c4 h5 40.
Rb5 Kf7 41. c5 Ke7 42. b4 f5 43. Rb7+ Ke6 44. Rb6+ Kd7 45. g3 f4+ 46. gxf4
exf4+ 47. Kf3 g4+ 48. Kg2 h4 49. Rd6+ Kc7 50. Kf1 f3 51. Ke1 Rc4 52. Rh6 h3 53.
Kd2 Rxb4 54. Ke3 Rc4 55. Rf6 Rxc5 56. Kf4 Rc4+ 57. Kg3 Rc2 58. Rg6 Rc1 59. Rxg4
Rg1+ 60. Kxf3 Ra1 61. Kg3 Ra3+ 62. f3 Kd6 63. Rh4 Ke5 64. Rxh3 Kf5 65. Rh5+ Kg6
66. Rb5 Ra6 67. Kg4 Kf6 68. f4 Ra2 69. Rb6+ Kf7 70. h4 Rg2+ 71. Kf5 Rh2 72.
Rb7+ Kg8 73. Kg6 Rg2+ 74. Kf6 Rg4 75. f5 Rxh4 76. Rb8+ Kh7 77. Kf7 Ra4 78. Rb7
Ra8 79. f6 Kh8 80. Kg6 Kg8 81. Rg7+ Kf8 82. Rh7 1-0

[Event "Xtracon Chess Open 2016"]
[Site "Elsinore"]
[Date "2016.07.24"]
[Round "3.104"]
[White "Pedersen, Carl Aage"]
[Black "Machlik, Monika"]
[Result "0-1"]
[WhiteElo "1781"]
[BlackElo "2045"]
[PlyCount "72"]
[EventDate "2016.07.23"]

1. d4 Nf6 2. c4 e6 3. Nc3 Bb4 4. e3 Ne4 5. Qc2 f5 6. a3 Bxc3+ 7. bxc3 b6 8. Nf3
O-O 9. Bd3 Bb7 10. O-O d6 11. Nd2 Nxd2 12. Qxd2 Nd7 13. Qe2 Qh4 14. f3 e5 15.
Bd2 Rae8 16. Qf2 Qh5 17. Be2 Ba6 18. a4 Qf7 19. a5 Bxc4 20. axb6 axb6 21. Ra7
Nf6 22. Rfa1 Re7 23. Bxc4 Qxc4 24. Qf1 Qxf1+ 25. Kxf1 exd4 26. cxd4 Nd5 27. Kf2
Rfe8 28. Ra8 Kf7 29. R8a3 c5 30. dxc5 dxc5 31. Rd3 Rd7 32. Rc1 Red8 33. e4 fxe4
34. fxe4 Nf6 35. Rxd7+ Rxd7 36. Ke3 Rd4 0-1

[Event "Xtracon Chess Open 2016"]
[Site "Elsinore"]
[Date "2016.07.24"]
[Round "3.105"]
[White "Svane, Frederik"]
[Black "Nielsen, Kai Gylling"]
[Result "1-0"]
[WhiteElo "2044"]
[BlackElo "1780"]
[PlyCount "75"]
[EventDate "2016.07.23"]

1. e4 c6 2. d4 d5 3. Nc3 g6 4. Be3 Bg7 5. Qd2 dxe4 6. Nxe4 Nd7 7. Nf3 Ngf6 8.
Bd3 Nxe4 9. Bxe4 Nf6 10. Bd3 Ng4 11. O-O Nxe3 12. fxe3 O-O 13. Bc4 e6 14. c3 b5
15. Bb3 Qe7 16. a4 Bb7 17. Ne1 Rad8 18. axb5 cxb5 19. Rxa7 Rd7 20. Nd3 Rfd8 21.
Qe2 Bd5 22. Rxd7 Rxd7 23. Bxd5 exd5 24. Re1 f5 25. Nc5 Ra7 26. Qxb5 Bh6 27. Qe2
Qd6 28. Qf3 Re7 29. Nd3 Re4 30. g3 Qe7 31. Kf2 Qb7 32. Qd1 Qb8 33. Qa4 Qd8 34.
Qc6 Re7 35. Nb4 Rd7 36. Ra1 Qe7 37. Nxd5 Qf7 38. Qxd7 1-0

[Event "Xtracon Chess Open 2016"]
[Site "Elsinore"]
[Date "2016.07.24"]
[Round "3.106"]
[White "Nielsen, Palle"]
[Black "Thaler, Toni"]
[Result "1/2-1/2"]
[WhiteElo "1778"]
[BlackElo "2037"]
[PlyCount "40"]
[EventDate "2016.07.23"]

1. d4 f5 2. c4 g6 3. Nc3 Nh6 4. Nf3 Nf7 5. Ng5 Nxg5 6. Bxg5 h6 7. Bd2 Bg7 8. e3
d6 9. b4 e5 10. d5 O-O 11. Qc2 a5 12. b5 Nd7 13. Be2 Nc5 14. f3 g5 15. O-O-O h5
16. h3 f4 17. e4 Bf6 18. Rdg1 h4 19. Kb2 Bd7 20. Rb1 b6 1/2-1/2

[Event "Xtracon Chess Open 2016"]
[Site "Elsinore"]
[Date "2016.07.24"]
[Round "3.107"]
[White "Meurman, Arne"]
[Black "Gottschalck, Christian"]
[Result "1-0"]
[WhiteElo "2035"]
[BlackElo "1778"]
[PlyCount "61"]
[EventDate "2016.07.23"]

1. e4 d5 2. exd5 Nf6 3. d4 Nxd5 4. Nf3 c6 5. c4 Nf6 6. Nc3 e6 7. Bf4 Bd6 8. Qd2
O-O 9. O-O-O Bxf4 10. Qxf4 Na6 11. g4 Qc7 12. Ne5 Nd7 13. Qe3 b5 14. Nxd7 Bxd7
15. c5 Nb4 16. Bd3 Nd5 17. Nxd5 exd5 18. Qf3 Qc8 19. Rhg1 f5 20. g5 g6 21. h4
f4 22. h5 Bf5 23. hxg6 hxg6 24. Rh1 Bxd3 25. Rxd3 Qf5 26. Qh3 Qxh3 27. Rdxh3
Kf7 28. Rh4 Ke6 29. Re1+ Kd7 30. Rh7+ Kd8 31. Re6 1-0

[Event "Xtracon Chess Open 2016"]
[Site "Elsinore"]
[Date "2016.07.24"]
[Round "3.108"]
[White "Kalveus, Jan"]
[Black "Stake Larsen, Gunnar"]
[Result "1-0"]
[WhiteElo "1773"]
[BlackElo "2034"]
[PlyCount "52"]
[EventDate "2016.07.23"]

1. d4 d5 2. c4 e6 3. Nc3 c6 4. Nf3 dxc4 5. a4 Bb4 6. e3 b5 7. axb5 cxb5 8. Bd2
Bxc3 9. Bxc3 a5 10. Ne5 Bb7 11. Qg4 g6 12. Be2 f5 13. Qg3 Nf6 14. Bf3 Bxf3 15.
Qxf3 Nd5 16. e4 Nxc3 17. bxc3 Ra6 18. exf5 O-O 19. O-O Rxf5 20. Qe3 Qd5 21. Qg3
Nc6 22. Ng4 Rf8 23. Rfe1 b4 24. cxb4 Nxb4 25. Qc7 Nd3 26. Qe7 Qxd4 1-0

[Event "Xtracon Chess Open 2016"]
[Site "Elsinore"]
[Date "2016.07.24"]
[Round "3.109"]
[White "Moller, Arne"]
[Black "Bremer, Erik"]
[Result "1/2-1/2"]
[WhiteElo "1843"]
[BlackElo "1458"]
[PlyCount "47"]
[EventDate "2016.07.23"]

1. e4 c5 2. Nf3 d6 3. d4 cxd4 4. Nxd4 Nf6 5. Nc3 a6 6. Be2 Nc6 7. Be3 e6 8. O-O
Be7 9. Kh1 O-O 10. f4 Qc7 11. Nb3 b5 12. Bf3 Bb7 13. a3 Nb8 14. Qe2 Nbd7 15.
Qf2 Rac8 16. Rac1 Ba8 17. Rfe1 Nc5 18. e5 dxe5 19. Bxa8 Ng4 20. Qf3 Nxe3 21.
fxe5 Nxg2 22. Qxg2 Rxa8 23. Nd4 Qb7 24. Qxb7 1/2-1/2

[Event "Xtracon Chess Open 2016"]
[Site "Elsinore"]
[Date "2016.07.24"]
[Round "3.110"]
[White "Weber, Samuel"]
[Black "Rendlev, Niels Moller"]
[Result "1-0"]
[WhiteElo "2031"]
[BlackElo "1771"]
[PlyCount "137"]
[EventDate "2016.07.23"]

1. e4 e6 2. Qe2 c5 3. Nf3 Nc6 4. g3 g6 5. Bg2 Bg7 6. c3 Nge7 7. O-O O-O 8. d3
d5 9. e5 Qc7 10. Bf4 b5 11. Nbd2 a5 12. Nb3 c4 13. Nbd4 Ba6 14. dxc4 bxc4 15.
Rfe1 Rab8 16. Qd2 Nxd4 17. Nxd4 Nc6 18. Nf3 Bc8 19. h4 h5 20. Rab1 Rb7 21. Bh6
Ne7 22. Bxg7 Kxg7 23. Qg5 Ng8 24. Nd4 Qe7 25. Qd2 Bd7 26. f4 Nh6 27. Bf3 Rbb8
28. b3 Qc5 29. Kh1 Rfc8 30. Rec1 cxb3 31. axb3 Qb6 32. Qa2 Rc5 33. Qd2 Qc7 34.
Rb2 Rc8 35. Rbc2 Qb6 36. Be2 Qc7 37. Qd3 Nf5 38. Nxf5+ exf5 39. Qd4 Be6 40. Kg1
Qc6 41. c4 dxc4 42. Bxc4 Qe4 43. Qxe4 fxe4 44. Ra2 Bxc4 45. Rac2 a4 46. bxc4 f5
47. Kf2 a3 48. Ke3 a2 49. Kd4 Ra5 50. Ra1 Rd8+ 51. Ke3 Rd3+ 52. Kf2 Rf3+ 53.
Kg2 Raa3 54. Raxa2 Rxg3+ 55. Kf2 Rgf3+ 56. Ke2 Rae3+ 57. Kd2 Ra3 58. Rxa3 Rxa3
59. c5 Rd3+ 60. Ke2 Rd7 61. Ke3 Kf7 62. c6 Rc7 63. Kd4 Ke6 64. Kc5 Ke7 65. Kb6
Kd8 66. Ra2 Rc8 67. Rd2+ Ke7 68. Kb7 e3 69. Re2 1-0

[Event "Xtracon Chess Open 2016"]
[Site "Elsinore"]
[Date "2016.07.24"]
[Round "3.111"]
[White "Andersen, Claus"]
[Black "Jacobsen, Fredrik Beer"]
[Result "0-1"]
[WhiteElo "1766"]
[BlackElo "2028"]
[PlyCount "64"]
[EventDate "2016.07.23"]

1. e4 c5 2. Nf3 Nc6 3. Bb5 d6 4. O-O Bd7 5. d4 cxd4 6. Nxd4 Nf6 7. Re1 e6 8. c4
a6 9. Bxc6 Bxc6 10. Nxc6 bxc6 11. Nc3 Be7 12. Bg5 O-O 13. Qd2 Qc7 14. Rac1 Rad8
15. f3 Rfe8 16. Qf2 Ng4 17. fxg4 Bxg5 18. Rcd1 Bf6 19. Rd3 Qa5 20. a3 Be5 21.
Rf3 Re7 22. b4 Qc7 23. g3 c5 24. Qe2 cxb4 25. axb4 Rc8 26. c5 dxc5 27. bxc5
Qxc5+ 28. Kg2 Bxc3 29. Rc1 Qa5 30. Rd3 Rec7 31. Qd1 Bf6 32. Rxc7 Qxc7 0-1

[Event "Xtracon Chess Open 2016"]
[Site "Elsinore"]
[Date "2016.07.24"]
[Round "3.112"]
[White "Pallesen, Jacob"]
[Black "Fjellengen, Bard"]
[Result "1-0"]
[WhiteElo "2026"]
[BlackElo "1764"]
[PlyCount "41"]
[EventDate "2016.07.23"]

1. e4 e5 2. Nf3 Nc6 3. Bb5 d6 4. d4 exd4 5. Nxd4 Bd7 6. Bxc6 bxc6 7. Nc3 Nf6 8.
O-O Be7 9. f4 c5 10. Nf3 O-O 11. e5 Ne8 12. Be3 Rb8 13. b3 Bc6 14. Nd5 dxe5 15.
Nxe7+ Qxe7 16. Nxe5 f6 17. Nxc6 Qxe3+ 18. Kh1 Rb6 19. Re1 Qc3 20. Qd5+ Kh8 21.
Qf7 1-0

[Event "Xtracon Chess Open 2016"]
[Site "Elsinore"]
[Date "2016.07.24"]
[Round "3.113"]
[White "Maselli, Daniel"]
[Black "Arndt, Uwe"]
[Result "0-1"]
[WhiteElo "1751"]
[BlackElo "2023"]
[PlyCount "50"]
[EventDate "2016.07.23"]

1. d4 d5 2. Nf3 Nf6 3. Bg5 Ne4 4. Bf4 c5 5. c3 cxd4 6. cxd4 Nc6 7. e3 Bg4 8.
Be2 Bxf3 9. Bxf3 Qa5+ 10. Nd2 e5 11. dxe5 Nxd2 12. Ke2 Nxf3 13. Kxf3 Rd8 14.
Qb3 Qb4 15. Qc2 Be7 16. a3 Qb6 17. b4 O-O 18. Qf5 f6 19. e6 Ne5+ 20. Ke2 Qa6+
21. Kd2 Nc4+ 22. Kc3 Rc8 23. Kb3 Nd2+ 24. Kb2 Qc4 25. Rac1 Qb3+ 0-1

[Event "Xtracon Chess Open 2016"]
[Site "Elsinore"]
[Date "2016.07.24"]
[Round "3.114"]
[White "Slettebo, Jan"]
[Black "Haagen Larsen, Hans"]
[Result "1-0"]
[WhiteElo "2022"]
[BlackElo "1752"]
[PlyCount "55"]
[EventDate "2016.07.23"]

1. e4 e6 2. d4 d5 3. Nc3 Bb4 4. e5 c5 5. Nf3 Nc6 6. dxc5 d4 7. a3 Bxc3+ 8. bxc3
Qa5 9. Bd3 Nge7 10. O-O dxc3 11. Re1 Nd5 12. Rb1 Qxc5 13. Ng5 h6 14. Ne4 Qe7
15. Nd6+ Kf8 16. Be4 Nxe5 17. Nxc8 Rxc8 18. Bxd5 exd5 19. f4 Qc5+ 20. Be3 Qxa3
21. fxe5 Rd8 22. Rxb7 Qa6 23. Rxa7 Qc4 24. Bd4 Rh7 25. e6 Re8 26. Rxf7+ Kg8 27.
Qg4 g5 28. Rxh7 1-0

[Event "Xtracon Chess Open 2016"]
[Site "Elsinore"]
[Date "2016.07.24"]
[Round "3.115"]
[White "Norevall, Ulf"]
[Black "Olesen, Poul Erik Norgaard"]
[Result "0-1"]
[WhiteElo "1749"]
[BlackElo "2020"]
[PlyCount "66"]
[EventDate "2016.07.23"]

1. d4 Nf6 2. c4 g6 3. f3 d6 4. Nc3 Bg7 5. e4 Nbd7 6. Be3 O-O 7. Qd2 e5 8. d5
Ne8 9. Bd3 f5 10. Nge2 a6 11. b4 a5 12. bxa5 Rxa5 13. O-O f4 14. Bf2 g5 15. Nc1
b6 16. Nb3 Ra8 17. a4 Nc5 18. Nxc5 bxc5 19. a5 h5 20. Kh1 Qf6 21. Qe1 Qh6 22.
Nb5 Rf6 23. Rg1 Rg6 24. Ra2 Bf6 25. Bf1 g4 26. Bh4 Rg7 27. Bxf6 Qxf6 28. Qa1
Ra6 29. Qd1 Qg5 30. Be2 Nf6 31. Qf1 h4 32. Bd1 Nh5 33. Qe1 Ng3+ 0-1

[Event "Xtracon Chess Open 2016"]
[Site "Elsinore"]
[Date "2016.07.24"]
[Round "3.116"]
[White "Janse, Alexander"]
[Black "Nielsen, Leo"]
[Result "1-0"]
[WhiteElo "2017"]
[BlackElo "1749"]
[PlyCount "97"]
[EventDate "2016.07.23"]

1. e4 c5 2. Nc3 Nc6 3. Nf3 g6 4. d4 cxd4 5. Nxd4 Bg7 6. Be3 a6 7. Qd2 Nf6 8.
O-O-O Ng4 9. Nxc6 bxc6 10. Bd4 O-O 11. Bxg7 Kxg7 12. f3 Nh6 13. h4 e6 14. g4 d5
15. h5 g5 16. Rg1 Qf6 17. Qe1 Rb8 18. Rd2 d4 19. Ne2 e5 20. f4 exf4 21. Nxd4
Re8 22. c3 c5 23. Nb3 Qb6 24. Rd5 f6 25. e5 Qe6 26. exf6+ Kxf6 27. Qxe6+ Rxe6
28. Nxc5 Reb6 29. b3 Nxg4 30. Bh3 Ne3 31. Ne4+ Ke7 32. Re5+ Kf8 33. Bxc8 Rxc8
34. Rexg5 Rbc6 35. Rg8+ Ke7 36. R1g7+ Ke6 37. Rxh7 Rxc3+ 38. Nxc3 Rxc3+ 39. Kd2
Rc2+ 40. Kd3 Rxa2 41. Ke4 Nd5 42. Rh6+ Nf6+ 43. Kxf4 Rf2+ 44. Ke3 Rf5 45. Rgg6
Ke5 46. Rxf6 Rxf6 47. Rxf6 Kxf6 48. Kd4 Kg5 49. Kc5 1-0

[Event "Xtracon Chess Open 2016"]
[Site "Elsinore"]
[Date "2016.07.24"]
[Round "3.117"]
[White "Pedersen, Kim Michael"]
[Black "Philipsen, William Horup"]
[Result "1-0"]
[WhiteElo "1745"]
[BlackElo "2016"]
[PlyCount "117"]
[EventDate "2016.07.23"]

1. d4 d5 2. Bf4 c5 3. e3 Nc6 4. c3 f6 5. Bd3 e5 6. Qh5+ g6 7. Bxg6+ hxg6 8.
Qxh8 Be6 9. dxe5 fxe5 10. Bxe5 Qg5 11. Bg3 Bh6 12. Nf3 Qe7 13. Ne5 Bg7 14. Nxc6
bxc6 15. Qh4 Qb7 16. b3 d4 17. O-O dxc3 18. Nxc3 Bxc3 19. Rac1 Bf6 20. Qe4 Kf7
21. Rxc5 Ne7 22. Qf3 Qb4 23. Rfc1 Nf5 24. Rxc6 Rd8 25. Rc7+ Rd7 26. Rxd7+ Bxd7
27. Qf4 Qd2 28. e4 Qxf4 29. Bxf4 Nd4 30. Re1 Bb5 31. Be3 Nc2 32. Rd1 Nxe3 33.
fxe3 Ke6 34. Kf2 Bc6 35. Kf3 Ke5 36. Rd4 Be7 37. Rc4 Kd6 38. a4 a5 39. g3 Bd7
40. Rd4+ Ke6 41. h4 Be8 42. Kf4 Bd6+ 43. Kf3 Bf7 44. Rd5 Bb4 45. g4 Kf6 46. Rb5
Bxb3 47. g5+ Ke7 48. Rb7+ Ke8 49. Kf4 Bxa4 50. Rg7 Bb3 51. Rxg6 a4 52. h5 Bf7
53. Ra6 a3 54. g6 Bc4 55. Ra8+ Ke7 56. h6 Bc3 57. Rxa3 Bf6 58. e5 Bh8 59. Ra7+
1-0

[Event "Xtracon Chess Open 2016"]
[Site "Elsinore"]
[Date "2016.07.24"]
[Round "3.118"]
[White "Jessen, Alexander"]
[Black "Nielsen, Angelo"]
[Result "1-0"]
[WhiteElo "2014"]
[BlackElo "1747"]
[PlyCount "87"]
[EventDate "2016.07.23"]

1. d4 Nf6 2. c4 d6 3. Nc3 g6 4. e4 Bg7 5. Be2 O-O 6. Nf3 Nc6 7. d5 Ne5 8. Nxe5
dxe5 9. Be3 e6 10. O-O a6 11. a4 Qe7 12. f3 Rd8 13. Qc2 exd5 14. cxd5 Ne8 15.
Rfb1 Nd6 16. b4 b6 17. Rc1 f5 18. Nd1 Rd7 19. Nb2 Bb7 20. Nc4 Rf8 21. Nxd6 Qxd6
22. Bc5 bxc5 23. bxc5 Qf6 24. c6 Bxc6 25. Qxc6 Qd8 26. Qxa6 Rd6 27. Qc4 Bh6 28.
Rc3 Bd2 29. Rd3 Ba5 30. Rdd1 Qb8 31. Kh1 f4 32. Rab1 Qa7 33. Rb5 g5 34. h3 Rff6
35. Qb3 Rh6 36. Rf1 Kg7 37. Qb2 Bb6 38. Qxe5+ Kf8 39. Qh8+ Kf7 40. e5 Rdg6 41.
e6+ Ke7 42. Qc8 Rg7 43. Qd7+ Kf6 44. Qd8+ 1-0

[Event "Xtracon Chess Open 2016"]
[Site "Elsinore"]
[Date "2016.07.24"]
[Round "3.119"]
[White "Andersen, Johnny"]
[Black "Christensen, Casper"]
[Result "0-1"]
[WhiteElo "1740"]
[BlackElo "2012"]
[PlyCount "60"]
[EventDate "2016.07.23"]

1. e4 d6 2. d4 g6 3. Bc4 Bg7 4. Be3 Nd7 5. c3 e5 6. Ne2 Ngf6 7. Ng3 O-O 8. O-O
Qe8 9. Re1 Nb6 10. Bb3 Kh8 11. a4 a5 12. Na3 Bd7 13. Nb5 Bxb5 14. axb5 Qxb5 15.
Qc2 Ng4 16. c4 Nxe3 17. Rxe3 Qb4 18. d5 a4 19. Ba2 Bh6 20. Rc3 Nd7 21. Ra3 Nc5
22. Bb1 Nb3 23. R1a2 Qe1+ 24. Nf1 Nd2 25. Qd3 Qxb1 26. Qxb1 Nxb1 27. Rh3 Bc1
28. Ra1 Bxb2 29. Rxb1 a3 30. Rxa3 Bxa3 0-1

[Event "Xtracon Chess Open 2016"]
[Site "Elsinore"]
[Date "2016.07.24"]
[Round "3.120"]
[White "Skou, Niels"]
[Black "Bennett, Owen"]
[Result "1-0"]
[WhiteElo "2011"]
[BlackElo "1741"]
[PlyCount "49"]
[EventDate "2016.07.23"]

1. d4 d5 2. c4 e6 3. Nf3 Nf6 4. Nc3 Nbd7 5. Bg5 Be7 6. e3 O-O 7. Bd3 dxc4 8.
Bxc4 a6 9. O-O b5 10. Bd3 Bb7 11. Qe2 c5 12. Rfd1 Qb6 13. Rac1 Rfe8 14. Bb1 h6
15. Bh4 Nd5 16. Nxd5 Bxd5 17. Bxe7 Rxe7 18. Qc2 f5 19. dxc5 Qa5 20. Nd4 Rc8 21.
Nxf5 exf5 22. Rxd5 g6 23. h4 Nf6 24. Rd6 Kg7 25. h5 1-0

[Event "Xtracon Chess Open 2016"]
[Site "Elsinore"]
[Date "2016.07.24"]
[Round "3.121"]
[White "Petersen, Rasmus"]
[Black "Madsen, Michael Ole"]
[Result "0-1"]
[WhiteElo "1730"]
[BlackElo "2010"]
[PlyCount "82"]
[EventDate "2016.07.23"]

1. d4 d5 2. Nf3 c6 3. Bf4 Bf5 4. e3 e6 5. Bd3 Bxd3 6. Qxd3 Nf6 7. h3 Nbd7 8.
O-O Be7 9. Nbd2 O-O 10. c4 c5 11. Rac1 cxd4 12. exd4 dxc4 13. Nxc4 Nd5 14. Bd6
N7f6 15. Bxe7 Qxe7 16. Rfd1 Rfd8 17. Nce5 h6 18. Qc4 Ne4 19. Nd2 Nxd2 20. Rxd2
Qg5 21. Nf3 Qf4 22. Rdc2 Rd6 23. Qb3 Rb6 24. Rc8+ Rxc8 25. Rxc8+ Kh7 26. Qc2+
g6 27. a3 Ne7 28. Rc7 Rxb2 29. Qxb2 Qxc7 30. Ne5 Nd5 31. Qd2 Kg7 32. Ng4 Qf4
33. Ne3 Qe4 34. Nxd5 Qxd5 35. Qb4 b5 36. Kf1 a6 37. g3 h5 38. Ke2 Qa2+ 39. Kf1
Qc2 40. Qc5 Qxc5 41. dxc5 Kf6 0-1

[Event "Xtracon Chess Open 2016"]
[Site "Elsinore"]
[Date "2016.07.24"]
[Round "3.122"]
[White "Rolstad, Morten"]
[Black "Kristensen, Kjell Ole"]
[Result "0-1"]
[WhiteElo "1720"]
[BlackElo "2006"]
[PlyCount "66"]
[EventDate "2016.07.23"]

1. e4 c5 2. Nf3 e6 3. b3 Nc6 4. Bb2 d6 5. d4 cxd4 6. Nxd4 e5 7. Nb5 a6 8. N5c3
Nf6 9. a4 Be6 10. Na3 d5 11. exd5 Nxd5 12. Nc4 Bb4 13. Qd2 Rc8 14. Be2 Nd4 15.
a5 Nb5 16. O-O Nbxc3 17. Nxe5 O-O 18. Bf3 Qe7 19. Qd4 Nb5 20. Qd3 Bc3 21. Bxc3
Nbxc3 22. Nc4 Rfd8 23. Rfe1 Qf6 24. Ne3 h6 25. Nxd5 Bxd5 26. Bxd5 Rxd5 27. Qe3
Rd6 28. Qa7 Rd7 29. h3 g6 30. Qe3 Kg7 31. b4 Rcd8 32. Qc5 Ne4 33. Rac1 Nxc5 0-1

[Event "Xtracon Chess Open 2016"]
[Site "Elsinore"]
[Date "2016.07.24"]
[Round "3.123"]
[White "Higgs, Joshua"]
[Black "Werner, Jakob"]
[Result "1-0"]
[WhiteElo "2003"]
[BlackElo "1733"]
[PlyCount "95"]
[EventDate "2016.07.23"]

1. e4 c6 2. c4 d5 3. exd5 cxd5 4. cxd5 Nf6 5. Nc3 Nxd5 6. Nf3 e6 7. d4 Nc6 8.
Bb5 Bd7 9. O-O Be7 10. Bd3 Rc8 11. Re1 O-O 12. Ne4 Ncb4 13. Bb1 Qc7 14. Ne5 Nf6
15. Bg5 Nbd5 16. Qd3 g6 17. Bh6 Rfd8 18. Qf3 Be8 19. Nxf6+ Bxf6 20. Be4 Qe7 21.
Ng4 Bg5 22. Bxg5 Qxg5 23. Bxd5 Rxd5 24. Nf6+ Kg7 25. Nxd5 exd5 26. Qe3 Qd8 27.
Rac1 Bc6 28. Rc3 Qd7 29. Qe5+ Kg8 30. Qe7 Re8 31. Qxe8+ Qxe8 32. Rxe8+ Bxe8 33.
Rc8 Kf8 34. Rd8 Ke7 35. Rxd5 Bc6 36. Rc5 Kd6 37. f3 b6 38. Rxc6+ Kxc6 39. Kf2
Kd5 40. Ke3 f5 41. g4 fxg4 42. fxg4 g5 43. a4 h6 44. Kd3 a6 45. Ke3 b5 46. axb5
axb5 47. Kd3 b4 48. b3 1-0

[Event "Xtracon Chess Open 2016"]
[Site "Elsinore"]
[Date "2016.07.24"]
[Round "3.124"]
[White "Schmied, Andreas"]
[Black "Mansoor, Afras"]
[Result "1-0"]
[WhiteElo "1995"]
[BlackElo "1719"]
[PlyCount "59"]
[EventDate "2016.07.23"]

1. d4 Nf6 2. Nf3 e6 3. g3 b6 4. Bg2 Bb7 5. O-O Be7 6. c4 O-O 7. Nc3 d6 8. Qc2
Nbd7 9. Rd1 Qb8 10. b3 e5 11. e4 Ne8 12. Bb2 g6 13. Nd5 Bxd5 14. cxd5 Bf6 15.
Bh3 Qd8 16. Qc6 exd4 17. Qxd7 d3 18. Qxd8 Rxd8 19. Bd4 Bxd4 20. Nxd4 Ng7 21.
Rxd3 Rde8 22. f3 f5 23. exf5 gxf5 24. Kf2 Re5 25. Nc2 Rfe8 26. Re1 f4 27. Bg4
h5 28. Bh3 fxg3+ 29. hxg3 Rxe1 30. Nxe1 1-0

[Event "Xtracon Chess Open 2016"]
[Site "Elsinore"]
[Date "2016.07.24"]
[Round "3.125"]
[White "Kakulidis, Ellen"]
[Black "Skjolas, Erling Dyrhaug"]
[Result "1-0"]
[WhiteElo "1989"]
[BlackElo "1709"]
[PlyCount "83"]
[EventDate "2016.07.23"]

1. d4 Nf6 2. c4 g6 3. Nc3 Bg7 4. Nf3 d6 5. Bg5 O-O 6. e3 c6 7. Be2 Qa5 8. O-O
Bg4 9. Bh4 Nbd7 10. h3 Bxf3 11. Bxf3 e5 12. Qc2 Rfe8 13. Rad1 Rac8 14. Bg3 d5
15. cxd5 cxd5 16. Qb3 e4 17. Be2 Nb6 18. a3 Bf8 19. Rc1 Red8 20. Be5 Nbd7 21.
Bg3 a6 22. Qa2 Nb8 23. b4 Qb6 24. Bh4 Qd6 25. Bxf6 Qxf6 26. Nxd5 Qg5 27. Nb6
Rc6 28. Rxc6 Nxc6 29. Bc4 Qf6 30. Nd5 Qf5 31. Nc3 Kg7 32. Qc2 b5 33. Ba2 Rc8
34. Qb3 Bd6 35. Ne2 Bb8 36. Ng3 Bxg3 37. fxg3 Qg5 38. Rxf7+ Kh6 39. Kh2 Nd8 40.
Rxh7+ Kxh7 41. Qg8+ Kh6 42. Qh8# 1-0

[Event "Xtracon Chess Open 2016"]
[Site "Elsinore"]
[Date "2016.07.24"]
[Round "3.126"]
[White "Christiansen, Torsten Sundgaar"]
[Black "Kyrkjebo, Hanna Bakken"]
[Result "0-1"]
[WhiteElo "1708"]
[BlackElo "1987"]
[PlyCount "100"]
[EventDate "2016.07.23"]

1. e4 e5 2. Nf3 Nc6 3. Bc4 Bc5 4. d3 Nf6 5. Be3 Bb6 6. Qe2 d6 7. h3 O-O 8. Nbd2
h6 9. c3 Re8 10. Nh2 d5 11. exd5 Nxd5 12. Qf3 Be6 13. Bxd5 Bxd5 14. Qg3 Re6 15.
c4 Rg6 16. Ng4 Be6 17. Bxb6 axb6 18. Qf3 Bxg4 19. hxg4 Nb4 20. O-O c6 21. Ne4
Qxd3 22. Qxd3 Nxd3 23. b3 Rxg4 24. f3 Rg6 25. Rfd1 Nf4 26. Rd2 Ne6 27. Kf2 Nd4
28. Rh1 Re6 29. c5 bxc5 30. Nxc5 Re7 31. Re1 Rae8 32. Rd3 Kf8 33. f4 f6 34.
fxe5 fxe5 35. g3 Rf7+ 36. Kg2 b6 37. Na4 Ra7 38. Nxb6 Rxa2+ 39. Kh3 Ra7 40. Nc4
Rae7 41. Rf1+ Kg8 42. Nxe5 c5 43. Nf3 Rf7 44. Kg2 Re2+ 45. Rf2 Rxf2+ 46. Kxf2
Rxf3+ 47. Rxf3 Nxf3 48. Kxf3 Kf7 49. Ke4 Ke6 50. g4 g6 0-1

[Event "Xtracon Chess Open 2016"]
[Site "Elsinore"]
[Date "2016.07.24"]
[Round "3.127"]
[White "Shehzad, Kasher"]
[Black "Henrichsen, Jens"]
[Result "1/2-1/2"]
[WhiteElo "1656"]
[BlackElo "1984"]
[PlyCount "35"]
[EventDate "2016.07.23"]

1. e4 c5 2. f4 d5 3. Bb5+ Bd7 4. Bxd7+ Nxd7 5. exd5 Ngf6 6. c4 Nb6 7. Nf3 Qd6
8. d3 e6 9. Qe2 Be7 10. dxe6 Qxe6 11. Qxe6 fxe6 12. O-O Rd8 13. Ne5 O-O 14. Nd2
Nbd7 15. Ndf3 Nxe5 16. Nxe5 Nd7 17. Nf3 Nf6 18. Ne5 1/2-1/2

[Event "Xtracon Chess Open 2016"]
[Site "Elsinore"]
[Date "2016.07.24"]
[Round "3.128"]
[White "Taksrud, Vidar"]
[Black "Grotle, Ramona"]
[Result "1-0"]
[WhiteElo "1979"]
[BlackElo "1632"]
[PlyCount "121"]
[EventDate "2016.07.23"]

1. Nc3 Nf6 2. e4 e5 3. Bc4 Bc5 4. Nf3 Nc6 5. O-O O-O 6. d3 h6 7. Nd5 d6 8. c3
a6 9. b4 Ba7 10. h3 b5 11. Nxf6+ Qxf6 12. Bd5 Bb7 13. Be3 Nd8 14. Bxb7 Nxb7 15.
a4 c5 16. axb5 axb5 17. Ra6 Qd8 18. Qd2 Bb6 19. Qa2 Bc7 20. Ra1 Rb8 21. Qd5 Qc8
22. Nh4 Qe6 23. Nf5 Qxd5 24. Ne7+ Kh7 25. Nxd5 Bd8 26. f4 cxb4 27. cxb4 Bh4 28.
f5 Bg3 29. Kf1 Rfc8 30. Ba7 Ra8 31. Nb6 Bf4 32. Nxa8 Rxa8 33. Rb6 Nd8 34. Rb8
Rxb8 35. Bxb8 Nc6 36. Bxd6 Bd2 37. Rb1 f6 38. Ke2 Bf4 39. Bc5 Nd4+ 40. Bxd4
exd4 41. Ra1 Bd6 42. Ra5 Bxb4 43. Rxb5 Bd6 44. Rd5 Be5 45. g4 Kg8 46. h4 Kf7
47. g5 hxg5 48. hxg5 Ke8 49. Kf3 Ke7 50. Kg4 Ke8 51. Rxe5+ fxe5 52. g6 Kf8 53.
Kg5 Ke7 54. f6+ gxf6+ 55. Kf5 Ke8 56. Kxf6 Kf8 57. Kxe5 Kg7 58. Kf5 Kg8 59. Kf6
Kf8 60. g7+ Kg8 61. e5 1-0

[Event "Xtracon Chess Open 2016"]
[Site "Elsinore"]
[Date "2016.07.24"]
[Round "3.129"]
[White "Svensson, Lars Ake"]
[Black "Vestjord, Harald Christian"]
[Result "1/2-1/2"]
[WhiteElo "1972"]
[BlackElo "1608"]
[PlyCount "43"]
[EventDate "2016.07.23"]

1. e4 e5 2. Nf3 Nc6 3. Bb5 a6 4. Ba4 b5 5. Bb3 Bc5 6. c3 d6 7. h3 Nf6 8. d3 h6
9. Nbd2 O-O 10. Nf1 Kh8 11. Ng3 Ng8 12. Qe2 Nge7 13. Be3 Bxe3 14. fxe3 f5 15.
exf5 Nxf5 16. Nxf5 Bxf5 17. e4 Bh7 18. Bd5 Qd7 19. O-O Rae8 20. Bxc6 Qxc6 21.
Nd2 Qd7 22. Rxf8+ 1/2-1/2